| 000 | 00377nam a2200145Ia 4500 | ||
|---|---|---|---|
| 008 | 230917s9999||||xx |||||||||||||| ||und|| | ||
| 040 |
_e28185 _aMAIN |
||
| 041 | _aEnglish | ||
| 082 | _a784 S86M | ||
| 100 | _aShrikhande, Kala | ||
| 245 | 0 | _aMadhya Pradesh mein shastriya sangeet ki vikas yatra | |
| 260 |
_aDelhi _bNirmal publication _c1995 |
||
| 300 | _a196 p. | ||
| 942 | _cBK | ||
| 999 |
_c66692 _d66692 |
||